| 000 -LEADER |
| fixed length control field |
00723nam a22002057a 4500 |
| 003 - CONTROL NUMBER IDENTIFIER |
| control field |
OSt |
| 005 - DATE AND TIME OF LATEST TRANSACTION |
| control field |
20251113084659.0 |
| 008 - FIXED-LENGTH DATA ELEMENTS--GENERAL INFORMATION |
| fixed length control field |
251113b ||||| |||| 00| 0 eng d |
| 020 ## - INTERNATIONAL STANDARD BOOK NUMBER |
| Canceled/invalid ISBN |
9781444959925 |
| 040 ## - CATALOGING SOURCE |
| Transcribing agency |
KH8 |
| 082 04 - DEWEY DECIMAL CLASSIFICATION NUMBER |
| Classification number |
823.912 BLY |
| 100 1# - MAIN ENTRY--PERSONAL NAME |
| Personal name |
Blyton, Enid |
| Relator term |
author |
| 245 14 - TITLE STATEMENT |
| Title |
The land of enchantments |
| 264 #1 - PRODUCTION, PUBLICATION, DISTRIBUTION, MANUFACTURE, AND COPYRIGHT NOTICE |
| Place of production, publication, distribution, manufacture |
50 Victoria Embankment London EC4Y 0DZ |
| Name of producer, publisher, distributor, manufacturer |
Hodder Children's Books |
| Date of production, publication, distribution, manufacture, or copyright notice |
2021 |
| 300 ## - PHYSICAL DESCRIPTION |
| Extent |
74 Pages |
| Other physical details |
Colour Illustrations |
| 520 ## - SUMMARY, ETC. |
| Summary, etc. |
In the Land of Enchantments, everything shines and shimmers and moves. But it's full of witches, enchanters and goblins, and some not very nice spells! |
| 650 #7 - SUBJECT ADDED ENTRY--TOPICAL TERM |
| Topical term or geographic name entry element |
JUVENILE FICTION |
| Source of heading or term |
Fantasy & Magic |
| 655 #0 - INDEX TERM--GENRE/FORM |
| Genre/form data or focus term |
Juvenile Literature |
| 942 ## - ADDED ENTRY ELEMENTS (KOHA) |
| Source of classification or shelving scheme |
|
| Koha item type |
Books - Fiction |